000 00889nas a2200265 4500
001 BR8101075
003 BR-BrBNA
005 20231205084540.0
007 ta
008 230509b bl.|||p| |||| 00| 00por d
040 _aBR-BrBNA
_bpor
_cBiblioteca Nacional de Agricultura
041 _a(Pt)
072 _aH10
100 1 _aCharchar, J.M.
100 1 _aHuang, C.S.
245 1 _aCirculo de hospedeiras de Pratylenchus brachyurus, 2: Hortalicas [Nematoide; Brasil]
_bParte de tese
246 1 _aHost range of Pratylenchus brachyurus, 2: Vegetable crops [Nematode; Brazil]
_b[Part of thesis]
650 _aPraga de planta
650 _aHortalica
650 _aNematoide
650 _aHospedeiro vegetal
773 0 _tFitopatologia Brasileira (Brazil)
_xISSN 0100-4158
_g(Feb 1981), v. 6(1) p. 67-72
_wBR8101075
909 _a202311
_bLúcia
_c55
_dLúcia Elande
942 _2AGRIS
_n0
_cANA
999 _c105849
_d105849